000
00434nam a2200169Ia 4500
008
090122s9999 xx 000 0 und d
082
_b
132
_a
O155:9
100
_a
जाधव
_b
रा
_c
ग
245
_a
प्रतिमा
260
_b
परिमल
_c
1982
300
_a
93
600
_a
जाधव
630
_a
प्रतिमा
700
_a
जाधव
730
_a
प्रतिमा
942
_c
BOOK
999
_c
24210
_d
24210